[Event "d18"]
[Site "?"]
[Date "2018.03.18"]
[Round "9.11"]
[White "Wojcik, Jagoda"]
[Black "Kindler, Karolina"]
[Result "0-1"]
[BlackElo "1758"]
[WhiteElo "1670"]
[LiveChessVersion "1.4.8"]

1. e4 {[%clk 1:30:58]} g6 {[%clk 1:30:50]} 2. d4 {[%clk 1:31:20]} Bg7
{[%clk 1:31:15]} 3. Nc3 {[%clk 1:31:45]} c6 {[%clk 1:31:33]} 4. Nf3
{[%clk 1:31:55]} b5 {[%clk 1:31:52]} 5. Bd3 {[%clk 1:31:25]} d6 {[%clk 1:31:59]}
6. h3 {[%clk 1:31:39]} Bb7 {[%clk 1:31:57]} 7. O-O {[%clk 1:31:26]} Nd7
{[%clk 1:31:57]} 8. Re1 {[%clk 1:27:48]} Qc7 {[%clk 1:29:50]} 9. Bf4
{[%clk 1:21:04]} e5 {[%clk 1:26:58]} 10. Be3 {[%clk 1:18:25]} a6 {[%clk 1:26:09]}
11. dxe5 {[%clk 1:07:17]} dxe5 {[%clk 1:23:37]} 12. Nd2 {[%clk 1:01:21]} Ne7
{[%clk 1:22:49]} 13. Qg4 {[%clk 1:00:51]} O-O {[%clk 1:18:33]} 14. f4
{[%clk 0:57:41]} exf4 {[%clk 1:14:15]} 15. Bxf4 {[%clk 0:58:02]} Qb6+
{[%clk 1:13:58]} 16. Kh1 {[%clk 0:54:23]} Ne5 {[%clk 1:09:21]} 17. Bxe5
{[%clk 0:54:12]} Bxe5 {[%clk 1:09:40]} 18. Nf3 {[%clk 0:54:35]} Bg7
{[%clk 1:06:20]} 19. e5 {[%clk 0:54:28]} Bc8 {[%clk 1:02:48]} 20. e6
{[%clk 0:49:01]} fxe6 {[%clk 0:48:56]} 21. Ne5 {[%clk 0:49:23]} Qc5
{[%clk 0:43:37]} 22. Qg3 {[%clk 0:46:59]} Nf5 {[%clk 0:30:52]} 23. Qf4
{[%clk 0:45:21]} Bh6 {[%clk 0:29:46]} 24. Qg4 {[%clk 0:42:10]} Ne3
{[%clk 0:23:00]} 25. Rxe3 {[%clk 0:37:43]} Qxe3 {[%clk 0:23:17]} 26. Nxg6
{[%clk 0:38:07]} Rf7 {[%clk 0:19:20]} 27. Ne7+ {[%clk 0:32:37]} Kf8
{[%clk 0:19:40]} 28. Nxc6 {[%clk 0:30:36]} Bb7 {[%clk 0:12:29]} 29. Qb4+
{[%clk 0:28:10]} Kg8 {[%clk 0:11:42]} 30. Ne7+ {[%clk 0:25:04]} Kh8
{[%clk 0:11:42]} 31. Qd6 {[%clk 0:21:49]} Bxg2+ {[%clk 0:09:35]} 32. Kxg2
{[%clk 0:21:09]} Qf3+ {[%clk 0:09:21]} 0-1

[Event "d18"]
[Site "?"]
[Date "2018.03.18"]
[Round "9.12"]
[White "Tkaczyk, Weronika"]
[Black "Gredka, Dominika"]
[Result "0-1"]
[BlackElo "1725"]
[WhiteElo "1500"]
[LiveChessVersion "1.4.8"]

1. Nf3 d5 2. g3 Nf6 3. Bg2 e6 4. O-O Be7 5. d4 O-O 6. b3 c5 7. Bb2 Nc6 8. Nbd2 b6
9. c4 Bb7 10. Re1 Rc8 11. Rc1 h6 12. e3 Nb4 13. Qe2 dxc4 14. Nxc4 cxd4 15. Bxd4
b5 16. Nce5 a6 17. Red1 Qa5 18. Rxc8 Rxc8 19. Rd2 Rc1+ 20. Ne1 Ne4 21. Rb2 Nc2
22. N5d3 Rxe1+ 23. Nxe1 Nxe1 24. Qg4 Nf6 25. Qe2 Nxg2 26. f3 Ne1 27. e4 Nxf3+ 28.
Qxf3 Bxe4 29. Qe3 Qc7 30. Re2 Bd5 31. Be5 Qc6 32. Qd3 Qc1+ 33. Kf2 Ng4# 0-1

[Event "d18"]
[Site "?"]
[Date "2018.03.18"]
[Round "9.13"]
[White "Daliga, Anita"]
[Black "Surpeta, Julia"]
[Result "1-0"]
[BlackElo "1590"]
[WhiteElo "1634"]
[LiveChessVersion "1.4.8"]

1. e4 {[%clk 1:30:54]} e6 {[%clk 1:30:54]} 2. d3 {[%clk 1:30:53]} d5
{[%clk 1:29:55]} 3. Nd2 {[%clk 1:30:54]} c5 {[%clk 1:28:16]} 4. g3
{[%clk 1:29:34]} Nc6 {[%clk 1:28:07]} 5. Bg2 {[%clk 1:28:56]} Nf6
{[%clk 1:17:52]} 6. Ngf3 {[%clk 1:27:45]} Be7 {[%clk 1:15:42]} 7. O-O
{[%clk 1:26:52]} O-O {[%clk 1:14:12]} 8. Re1 {[%clk 1:24:50]} Qc7
{[%clk 1:11:04]} 9. Nf1 {[%clk 1:21:40]} Bd6 {[%clk 1:07:37]} 10. Bg5
{[%clk 1:15:53]} Nd7 {[%clk 1:07:22]} 11. h4 {[%clk 1:12:03]} f6 {[%clk 1:06:01]}
12. Bd2 {[%clk 1:11:24]} d4 {[%clk 1:05:38]} 13. h5 {[%clk 1:01:01]} Nde5
{[%clk 1:01:55]} 14. N1h2 {[%clk 0:57:55]} Nxf3+ {[%clk 1:00:38]} 15. Nxf3
{[%clk 0:57:00]} Qf7 {[%clk 1:00:43]} 16. Nh4 {[%clk 0:48:00]} f5
{[%clk 0:39:17]} 17. exf5 {[%clk 0:40:39]} exf5 {[%clk 0:38:47]} 18. f4
{[%clk 0:30:37]} Bd7 {[%clk 0:34:54]} 19. c4 {[%clk 0:26:05]} Kh8
{[%clk 0:32:38]} 20. Bd5 {[%clk 0:24:37]} Qf6 {[%clk 0:32:48]} 21. Kg2
{[%clk 0:19:52]} Rae8 {[%clk 0:26:57]} 22. Rh1 {[%clk 0:18:22]} Nd8
{[%clk 0:26:15]} 23. Ng6+ {[%clk 0:17:54]} 1-0

[Event "d18"]
[Site "?"]
[Date "2018.03.18"]
[Round "9.14"]
[White "Jurkiewicz, Zuzanna"]
[Black "Zamarska, Sylwia"]
[Result "1-0"]
[BlackElo "1623"]
[WhiteElo "1534"]
[LiveChessVersion "1.4.8"]

1. e4 {[%clk 1:30:54]} d5 {[%clk 1:30:49]} 2. exd5 {[%clk 1:30:35]} Nf6
{[%clk 1:31:03]} 3. d4 {[%clk 1:30:31]} Bg4 {[%clk 1:31:10]} 4. Nf3
{[%clk 1:24:51]} Qxd5 {[%clk 1:31:12]} 5. Be2 {[%clk 1:22:23]} Nc6
{[%clk 1:30:50]} 6. c3 {[%clk 1:18:34]} O-O-O {[%clk 1:23:11]} 7. O-O
{[%clk 1:17:18]} Qd7 {[%clk 1:13:19]} 8. Nbd2 {[%clk 1:11:54]} e6
{[%clk 1:12:34]} 9. b4 {[%clk 1:09:48]} Nd5 {[%clk 1:09:39]} 10. Qb3
{[%clk 1:06:40]} Bd6 {[%clk 1:07:08]} 11. Nc4 {[%clk 1:03:40]} h5
{[%clk 0:59:15]} 12. a4 {[%clk 0:56:26]} Rdg8 {[%clk 0:52:24]} 13. b5
{[%clk 0:51:40]} Nb8 {[%clk 0:47:55]} 14. Nfe5 {[%clk 0:48:06]} Qe7
{[%clk 0:45:25]} 15. f3 {[%clk 0:47:47]} Bf5 {[%clk 0:44:44]} 16. Nxd6+
{[%clk 0:41:36]} cxd6 {[%clk 0:44:47]} 17. Qc4+ {[%clk 0:41:40]} Kd8
{[%clk 0:43:58]} 18. Ba3 {[%clk 0:37:50]} Ne3 {[%clk 0:33:42]} 19. Bxd6
{[%clk 0:35:36]} Nxc4 {[%clk 0:30:51]} 20. Bxe7+ {[%clk 0:35:58]} Kxe7
{[%clk 0:31:14]} 21. Nxc4 {[%clk 0:36:04]} Rc8 {[%clk 0:30:37]} 22. Rac1
{[%clk 0:35:26]} Nd7 {[%clk 0:28:41]} 23. Ne3 {[%clk 0:33:34]} Bg6
{[%clk 0:28:31]} 24. c4 {[%clk 0:33:21]} b6 {[%clk 0:26:59]} 25. Rfd1
{[%clk 0:25:53]} Rc7 {[%clk 0:25:29]} 26. Kf2 {[%clk 0:20:06]} Rhc8
{[%clk 0:24:42]} 27. Rc3 {[%clk 0:18:33]} Bh7 {[%clk 0:22:55]} 28. Rdc1
{[%clk 0:17:55]} g5 {[%clk 0:21:35]} 29. g3 {[%clk 0:16:25]} Kd6 {[%clk 0:20:59]}
30. Rd1 {[%clk 0:13:19]} Ke7 {[%clk 0:18:28]} 31. Rdc1 {[%clk 0:09:20]} Kd6
{[%clk 0:18:37]} 32. Rd1 {[%clk 0:06:49]} Ke7 {[%clk 0:18:46]} 33. Bd3
{[%clk 0:06:24]} Bxd3 {[%clk 0:18:03]} 34. Rcxd3 {[%clk 0:06:09]} Nf6
{[%clk 0:17:38]} 35. R3d2 {[%clk 0:05:15]} Rd7 {[%clk 0:16:13]} 36. Ke2
{[%clk 0:04:37]} Rdc7 {[%clk 0:14:46]} 37. Rd3 {[%clk 0:02:00]} Kf8
{[%clk 0:11:37]} 38. Ra3 {[%clk 0:01:41]} Ne8 {[%clk 0:10:15]} 39. Rc3
{[%clk 0:01:24]} Nf6 {[%clk 0:08:20]} 40. Rdc1 {[%clk 0:31:27]} Nd7
{[%clk 0:38:03]} 41. f4 {[%clk 0:29:56]} g4 {[%clk 0:37:24]} 42. a5
{[%clk 0:23:31]} Ke7 {[%clk 0:35:44]} 43. axb6 {[%clk 0:22:08]} axb6
{[%clk 0:35:56]} 44. Ra3 {[%clk 0:21:40]} Nf6 {[%clk 0:35:00]} 45. Ra6
{[%clk 0:21:00]} Nd7 {[%clk 0:34:40]} 46. Rca1 {[%clk 0:19:26]} Rb7
{[%clk 0:33:30]} 47. Ra7 {[%clk 0:19:13]} Rcc7 {[%clk 0:32:50]} 48. Rxb7
{[%clk 0:19:29]} Rxb7 {[%clk 0:33:13]} 49. Nc2 {[%clk 0:19:08]} Kd6
{[%clk 0:32:19]} 50. Nb4 {[%clk 0:18:11]} Nb8 {[%clk 0:31:40]} 51. Kd3
{[%clk 0:17:50]} Rc7 {[%clk 0:30:40]} 52. Na6 {[%clk 0:17:23]} Rb7
{[%clk 0:29:05]} 53. c5+ {[%clk 0:16:40]} bxc5 {[%clk 0:28:39]} 54. dxc5+
{[%clk 0:17:05]} Kd7 {[%clk 0:26:26]} 55. Nxb8+ {[%clk 0:17:11]} Rxb8
{[%clk 0:26:44]} 56. Ra7+ {[%clk 0:17:36]} Kd8 {[%clk 0:26:29]} 57. Kc4
{[%clk 0:17:55]} f5 {[%clk 0:26:21]} 58. c6 {[%clk 0:18:01]} 1-0

[Event "d18"]
[Site "?"]
[Date "2018.03.18"]
[Round "9.15"]
[White "Pedrak, Paulina"]
[Black "Winter, Anna"]
[Result "1/2-1/2"]
[BlackElo "1435"]
[WhiteElo "1446"]
[LiveChessVersion "1.4.8"]

1. e4 {[%clk 1:30:58]} e6 2. d4 d5 {[%clk 1:30:55]} 3. exd5 {[%clk 1:30:58]} exd5
{[%clk 1:30:55]} 4. Bf4 {[%clk 1:30:58]} Bd6 {[%clk 1:30:55]} 5. Bxd6
{[%clk 1:30:58]} Qxd6 {[%clk 1:30:55]} 6. Nf3 {[%clk 1:30:58]} Bf5
{[%clk 1:30:55]} 7. Bd3 {[%clk 1:30:58]} Bxd3 {[%clk 1:30:55]} 8. Qxd3
{[%clk 1:30:58]} Nf6 {[%clk 1:30:55]} 9. O-O {[%clk 1:30:58]} O-O
{[%clk 1:30:55]} 10. Nbd2 {[%clk 1:30:58]} Nbd7 {[%clk 1:30:55]} 11. c3
{[%clk 1:30:58]} c6 {[%clk 1:30:55]} 12. Rfe1 {[%clk 1:30:58]} Rfe8
{[%clk 1:30:55]} 13. Rxe8+ {[%clk 1:30:58]} Rxe8 {[%clk 1:30:55]} 14. Re1
{[%clk 1:30:58]} Rxe1+ {[%clk 1:30:55]} 15. Nxe1 {[%clk 1:30:58]} h6
{[%clk 1:31:01]} 16. Nef3 {[%clk 1:32:02]} Qe6 {[%clk 1:30:25]} 17. h3
{[%clk 1:30:53]} Kf8 {[%clk 1:30:15]} 18. Kf1 {[%clk 1:30:49]} Ke7
{[%clk 1:29:16]} 19. Qe2 {[%clk 1:28:47]} Qxe2+ {[%clk 1:29:34]} 20. Kxe2
{[%clk 1:29:13]} Ne4 {[%clk 1:28:45]} 21. a3 {[%clk 1:28:22]} Nxd2
{[%clk 1:28:39]} 22. Nxd2 {[%clk 1:28:37]} Nf6 {[%clk 1:25:37]} 23. Ke3
{[%clk 1:24:49]} Ke6 {[%clk 1:20:05]} 24. Ke2 {[%clk 1:23:29]} Ne4
{[%clk 1:18:07]} 25. Nxe4 {[%clk 1:22:07]} dxe4 {[%clk 1:18:28]} 26. b3
{[%clk 1:19:30]} f5 {[%clk 1:17:15]} 27. Ke3 {[%clk 1:19:48]} b6 {[%clk 1:16:59]}
28. g3 {[%clk 1:19:48]} g6 {[%clk 1:16:44]} 29. f3 {[%clk 1:20:05]} exf3
{[%clk 1:17:02]} 30. Kxf3 {[%clk 1:20:31]} a6 {[%clk 1:16:47]} 31. Ke3
{[%clk 1:20:35]} g5 {[%clk 1:16:15]} 32. Kf3 {[%clk 1:20:54]} Kf6
{[%clk 1:16:35]} 33. Ke3 {[%clk 1:20:58]} Ke6 {[%clk 1:16:56]} 1/2-1/2